000 00915nam a2200265 u 4500
001 000002658
003 DO-SdBNP
005 20240131101841.0
008 090703s1999 dr c 001 0 spa d
020 _z8489525625
040 _aDO-SdBNP
_bspa
_cBPMSU
082 4 _a338.4763361
_bC965a 1999
_222
100 1 _aCuevas P., Héctor E.
_d1950-
245 1 3 _aEl azúcar se ahogó en la melaza :
_bquinientos años de azúcar /
_cHéctor E. Cuevas P.
260 _aSanto Domingo :
_bINTEC,
_c1999.
300 _a227 p. :
_bil., retrs. ;
_c21 cm.
500 _aIncluye datos biográficos del autor en la contracubierta.
504 _aBibliografía: p. 221-227
590 _aInventariado,2024/VM
650 4 _aIndustria azucarera
_xHistoria
650 4 _aIndustria azucarera
_zRepública Dominicana
710 2 _aInstituto Tecnológico de Santo Domingo
910 _aVMateo V. Control de calidad BPMSU
942 _2ddc
_cBK
999 _c14547
_d14547